[Event "Oruro Baptista Memorial"]
[Site "Oruro"]
[Date "2023.11.02"]
[Round "4"]
[White "Nina Cosme, Mons"]
[Black "Ribera, Miguel Angel"]
[Result "0-1"]
[WhiteElo "1419"]
[BlackElo "1923"]
[PlyCount "90"]
[EventDate "2023.11.01"]
[EventType "swiss"]
[EventRounds "9"]
[EventCountry "BOL"]
[SourceTitle "Mega2024 Update 01"]
[Source "Chessbase"]
[SourceDate "2023.11.12"]
[SourceVersion "1"]
[SourceVersionDate "2023.11.12"]
[SourceQuality "1"]

1. c4 c5 2. g3 g6 3. Bg2 Bg7 4. Nf3 Nc6 5. Nc3 e6 6. 0-0 Nge7 7. d4 cxd4 8. Nb5 0-0 9. Nbxd4 d5 10. cxd5 exd5 11. Be3 Bf5 12. Rc1 Qd7 13. Qd2 Rac8 14. Rfd1 Be4 15. Ne1 Nxd4 16. Bxd4 Qa4 17. Rxc8 Rxc8 18. Bxe4 dxe4 19. Bxg7 Kxg7 20. b3 Qc6 21. Ng2 Qf6 22. Ne3 h5 23. Qd4 Qxd4 24. Rxd4 Rc1+ 25. Kg2 Ra1 26. Rxe4 Nc6 27. Ra4 a5 28. Nc2 Rd1 29. Rc4 Kf6 30. b4 Rd2 31. Kf1 Rd1+ 32. Kg2 Rd2 33. Kf1 Ne5 34. Rc3 Rd1+ 35. Kg2 Rc1 36. a3 a4 37. f4 Ng4 38. h3 Rxc2 39. Rd3 Rxe2+ 40. Kf3 Rf2+ 41. Ke4 Nh6 42. b5 Rb2 43. Rd6+ Kg7 44. Rb6 Nf5 45. g4 Rxb5 0-1